| 000 | 01550nam0a22003371 4500 | ||
|---|---|---|---|
| 001 | RU\NLR\INFOCOMM_165\5000009058 | ||
| 005 | 20250613094227.0 | ||
| 035 | _a(NLR Aleph) 009248485 | ||
| 090 |
_a8969959 _c8969959 |
||
| 100 | _a20100721d1985 |||y0rusy50 ca | ||
| 101 | 0 |
_aeng _drus |
|
| 102 | _aRU | ||
| 105 | _ay ||||000|y | ||
| 200 | 1 |
_aThe REDUCE program for the calculation of the geometrical characteristics of compactified multidimensional riemannian space _fA. P. Demichev, A. Ya. Rodionov |
|
| 210 |
_aSerpukhov _cИн-т физики высок. энергий _d1985 |
||
| 215 |
_a12 с. _d22 см |
||
| 225 | 1 |
_aUSSR State comm. for utilization of atomic energy, Inst. for high energy physics _vИФВЭ 85-118 |
|
| 300 | _aВ вып дан.: Программа на языке REDUCE для вычисления геометрических характеристик компактифицированных многомерных римановых пространств / А. П. Демичев, А. Я. Родионов | ||
| 300 | _aРез. на рус. яз. | ||
| 320 | _aБиблиогр.: с. 9-10 | ||
| 606 |
_aРимановы пространства _2nlr_sh1 |
||
| 686 |
_aВ181.222.1 _2rubbk |
||
| 700 | 1 |
_9z01790 _aDemičev _bA. P. _gAndrej Pavlovič _4070 |
|
| 701 | 1 |
_9z02790 _aRodionov _bA. Ja. _4070 |
|
| 790 | 1 |
_9z01700 _aDemichev _bA. P. _4070 |
|
| 790 | 1 |
_9z02701 _aRodionov _bA. Ya. _4070 |
|
| 801 | 1 |
_aRU _bNLR _c20100721 |
|
| 801 | 0 |
_aRU _bNLR _gPSBO |
|
| 852 |
_aNLR _jМт01 Д-6/30 |
||
| 942 | _cBOOK | ||
| 980 | _aNB | ||